Datum a čas kvízu
19.5
Celkem bodů
Celkový počet nahraných bodů na tomto kvízu bez doplňovacích otázek.
5.
Pořadí na kvízu
Konečné umístění týmu na tomto kvízu.
Zaznamenané odpovědi
| # | Otázka | Odpověď | Body | Výsledky |
|---|---|---|---|---|
| 1. | Dům zahraniční spolupráce minu... | B | 0 | |
| 2. | Ruská poslankyně Natalja Poklo... | na Krym | 0 | |
| 3. | V noci na pondělí středoevrops... | Hra o trůny, Černobyl | 0.5 | |
| 4. | V pondělí jsme se dozvěděli, ž... | Thomas Cook | 1 | |
| 5. | V pátek začal světový šampioná... | Katar | 1 | |
| 6. | V tomto tématu se podíváme na... | Tábor, Šárka | 0.5 | |
| 7. | Kolik procent tuku musí nejmén... | 10 % | 0 | |
| 8. | Kterým slovem na pět písmen by... | nažka | 1 | |
| 9. | Po Bedřichu Smetanovi byl pojm... | Merkur | 1 | |
| 10. | Futuretro, Biorytmy, Kluci kde... | Tata Bojs | 0 |